000 00705nam a2200253Ia 4500
008 220204s9999 xx 000 0 und d
082 _aNR:63:5+6
_bGEO;3
245 0 _aNatural rubber: Agromanagement and crop processing
260 _aKottayam
_bRubber Research Institute of India
_c2000
650 _aGermplasm resources
650 _aLatex production
650 _aPest
650 _aPlanting materials
650 _aRibbed sheet
650 _aRoot disease
650 _aRubber plantation industry
650 _aStem disease
650 _aTapping
650 _aWaste management
650 _aYield stimulation
700 _aGeorge, P J
700 _aJacob, C Kuruvilla
942 _cREF
999 _c41736
_d41736